|
|
|
|
| LEADER |
00000nam0a2200000 4500 |
| 001 |
20344 |
| 005 |
20231030192033.0 |
| 035 |
|
|
|a (RuTPU)RU\TPU\book\20523
|
| 035 |
|
|
|a BOOK00020594
|
| 090 |
|
|
|a 20344
|
| 100 |
|
|
|a 20011209d1962 km y0rusy50 ca
|
| 101 |
0 |
|
|a rus
|
| 102 |
|
|
|a RU
|
| 105 |
|
|
|a a z 000zy
|
| 200 |
1 |
|
|a Античность. Средние века. Возрождение
|
| 210 |
|
|
|d 1962
|
| 215 |
|
|
|a 682 с.
|
| 461 |
|
|
|t История эстетики
|o В 5-ти томах
|f Под ред. М. Ф. Овсянникова
|v Т. 1
|d 1962-1970
|s Памятники мировой эстетической мысли
|
| 610 |
1 |
|
|a эстетика
|
| 610 |
1 |
|
|a история
|
| 610 |
1 |
|
|a античность
|
| 610 |
1 |
|
|a средние века
|
| 610 |
1 |
|
|a Возрождение
|
| 610 |
1 |
|
|a эстетические учения
|
| 686 |
|
|
|a Ю7г
|v LBC/SL-A
|2 rubbk
|
| 801 |
|
0 |
|a RU
|b 63413507
|c 20011209
|g PSBO
|
| 801 |
|
2 |
|a RU
|b 63413507
|c 20221103
|g PSBO
|
| 942 |
|
|
|c BK
|